| 000 | 02292nam a22002897a 4500 | ||
|---|---|---|---|
| 003 | DO-SdBNP | ||
| 005 | 20240229163822.0 | ||
| 007 | ta | ||
| 008 | 210429b2019 dr a b|er ||| 001 1dspa d | ||
| 020 | _a9789945505054 | ||
| 040 |
_aDO-SdBNP _bspa _cBNPHU |
||
| 041 | _hspa | ||
| 082 | 4 |
_a 972.9353 _bR696g, 2019 _222 |
|
| 100 | 1 |
_aRodríguez, Carlos Rafael, _d1913-1997 _919221 |
|
| 245 | 1 | 0 |
_aGuaraguanó : _bresumen histórico del municipio de Monción / _cCarlos Rafael Rodríguez ; prólogo Galindo Martínez. |
| 250 | _a2a. ed. | ||
| 260 |
_aSanto Domingo : _bCentenario, _c2019. |
||
| 300 |
_a327p. : _bilustraciones y mapas ; _c21 cm. |
||
| 500 | _aIncluye datos biográficos del autor en las solapas | ||
| 505 | 0 |
_a1. División política de la isla.- _t2.Origen de Guaraguanó -- _t3. La mata de Guaraguanó -- _t4. Sitio catastral de Guaraguanó -- _t5. Fundación : primeros habitantes -- _t6. Formación del poblado de Guaraguanó.-- _t7. Sección de Guaraguanó -- _t8. Episodios de la Restauración -- _t9. Puesto cantonal de Guaraguanó -- _t10. Cambio de nombre. Puesto cantonal de Monción -- _t11. Puesto militar/Puesto cantonal -- _t12. Municipio de Monción -- _t13. Creencias sobrenaturales y religiosas -- _t14. Carlos de Vargas -- _t15. Estudios geológicos -- _t16. Centro de minas -- _t17. Personalidades -- _t18. Primera iglesia -- _t19. Las fiestas patronales de San Antonio -- _t20. Partidos políticos -- _t21. Visitantes distinguidos -- _t22. El club recreativo Guaraguanó -- _t23. Desarrollo cultural -- _t24. Indice de leyes y decretos sobre el municipio de Monción -- _t25. El Plan Sierra -- _t26. Presa de Monción -- _t27. Deportes -- _t28. Cooperativa de Ahorros y Préstamos Mamoncito -- _t29. Atractivos naturales -- _t30. Complejo agroindustrial/Federación Campesina Guaraguanó -- _t31. Militares y policías -- _t32. Primera carretera -- _t33. Telecomunicaciones -- _t34. Primer acueducto -- _t35. Primer hospital -- _t36. Alumbrado eléctrico . |
|
| 590 | _aInventariado, 2023/BT | ||
| 650 | 4 |
_aCiudades y pueblos _zRepública Dominicana _z Monción (Municipio) _9784 |
|
| 651 | 0 |
_aMonción (República Dominicana : Municipio) _xHistoria local _978533 |
|
| 700 | 1 |
_aMartínez, Galindo, _eprólogo _938849 |
|
| 910 | _aValidado. Control de calidad MFF | ||
| 942 |
_2ddc _cLBS1 |
||
| 999 |
_c49795 _d49795 |
||